| 000 | 01004nam a2200217 4500 | ||
|---|---|---|---|
| 001 | 122668 | ||
| 003 | ES-MaACL | ||
| 005 | 20250905150208.0 | ||
| 007 | t| | ||
| 008 | 070214s1912 sp r ||||1| spa d | ||
| 100 | 1 |
_aPuig y Alfonso, Francisco. _994285 |
|
| 245 | 1 | 0 |
_aReadaptación social de los vagos jóvenes mediante la asistencia por el trabajo _b: anteproyecto de extinción de la vagancia local / _cpresentado a la Junta Provincial por los vocales D. Francisco Puig y Alfonso, D. Guillermo López y D. Federico Rahola. |
| 260 |
_aBarcelona : _b[s.n.], _c1912. |
||
| 300 |
_a23 p. ; _c21 cm. |
||
| 500 | _aPrecede al Tit : Junta Provincial de Protección a la Infancia y Represión de la Mendicidad de Barcelona. | ||
| 700 | 1 |
_aLópez, Guillermo. _973333 |
|
| 700 | 1 |
_aRahola y Trémols, Federico, _d1858-1919 _995016 |
|
| 710 | 2 |
_aBarcelona. Junta Provincial de Protección a la Infancia y Represión de la Mendicidad. _92144 |
|
| 852 |
_aES-MaACL _jT-1376-F-10 |
||
| 999 |
_c122668 _d122668 |
||